LEADER 02846nam 22006615 450 001 9910458893303321 005 20210114165234.0 010 $a1-282-72288-3 010 $a9786612722882 010 $a3-11-021545-4 024 7 $a10.1515/9783110215458 035 $a(CKB)2670000000034155 035 $a(EBL)570560 035 $a(OCoLC)659500595 035 $a(SSID)ssj0000434853 035 $a(PQKBManifestationID)11315231 035 $a(PQKBTitleCode)TC0000434853 035 $a(PQKBWorkID)10423848 035 $a(PQKB)10910097 035 $a(WaSeSS)Ind00014733 035 $a(DE-B1597)36149 035 $a(OCoLC)1013939010 035 $a(OCoLC)965701945 035 $a(DE-B1597)9783110215458 035 $a(MiAaPQ)EBC570560 035 $a(EXLCZ)992670000000034155 100 $a20190708d2010 fg 101 0 $aeng 135 $aur||||||||||| 181 $ctxt 182 $cc 183 $acr 200 00$aNew Perspectives on Historical Latin Syntax. $hVolume 2, $iConstituent Syntax: Adverbial Phrases, Adverbs, Mood, Tense /$fPhilip Baldi, Pierluigi Cuzzolin 210 1$aBerlin ;$aBoston : $cDe Gruyter Mouton, $d[2010] 210 4$dİ2010 215 $a1 online resource (576 p.) 225 0 $aTrends in Linguistics. Studies and Monographs [TiLSM] ;$v180/2 300 $aDescription based upon print version of record. 311 $a3-11-020563-7 320 $aIncludes bibliographical references and indexes. 327 $t Frontmatter -- $tContents -- $tList of abbreviations -- $tProlegomena -- $tAdverbial Phrases -- $tAdverbs -- $tMood and Modality -- $tActionality, tense, and viewpoint -- $t Backmatter 330 $aNew Perspectives on Historical Latin Syntax: Constituent Syntax (Adverbial Phrases, Adverbs, Mood, Tense) is the second of four volumes dealing with the long-term evolution of Latin syntax, roughly from the 4th century BCE up to the 6th century CE. This volume, along with Volume 3, comprises chapters dealing with structure and evolution of syntactic phenomena below the level of the sentence. Topics treated in this volume include adverbs, adverbial phrases, mood/modality and tense/aspect. Chapters are distinguished by their depth of treatment, clear style and ample illustration with original ci 410 0$aTrends in linguistics.$pStudies and monographs ;$v180/1-3. 606 $aLatin language -- Syntax 606 $aLatin language 608 $aElectronic books. 615 4$aLatin language -- Syntax. 615 4$aLatin language. 676 $a400 686 $aFN 4495$2rvk 702 $aBaldi$b Philip, 702 $aCuzzolin$b Pierluigi, 801 0$bDE-B1597 801 1$bDE-B1597 906 $aBOOK 912 $a9910458893303321 996 $aNew Perspectives on Historical Latin Syntax$92466335 997 $aUNINA LEADER 00990nam a2200313 i 4500 001 991000878759707536 005 20020507102701.0 008 960326s1973 ne ||| | eng 035 $ab10142460-39ule_inst 035 $aLE00638459$9ExL 040 $aDip.to Fisica$bita 084 $a53.1.4 084 $a53.7.15 084 $a53.8.1 084 $a510.20 084 $a548'.7 084 $aQD905.2 100 1 $aJanssen, T.$0461559 245 10$aCrystallographic groups /$cT. Janssen 260 $aAmsterdam :$bNorth-Holland Publ. Co.,$c1973 300 $axiii, 281 p. :$bill. ;$c23 cm. 650 4$aCrystallography, mathematical 650 4$aGroup theory 907 $a.b10142460$b21-09-06$c27-06-02 912 $a991000878759707536 945 $aLE006 53.7+53.8 JAN$g1$i2006000060639$lle006$o-$pE0.00$q-$rl$s- $t0$u1$v0$w1$x0$y.i10169386$z27-06-02 996 $aCrystallographic groups$9187043 997 $aUNISALENTO 998 $ale006$b01-01-96$cm$da $e-$feng$gne $h0$i1 LEADER 01473nam 2200409 a 450 001 9910699159403321 005 20091027144451.0 035 $a(CKB)5470000002400301 035 $a(OCoLC)460194456 035 $a(EXLCZ)995470000002400301 100 $a20091027d2000 ua 0 101 0 $aeng 135 $aurbn||||||||| 181 $ctxt$2rdacontent 182 $cc$2rdamedia 183 $acr$2rdacarrier 200 10$aClaims$b[electronic resource] $eAgreement between the United States of America and Germany signed at Berlin, July 17, 2000, with annexes 210 1$a[Washington, D.C.] :$cU.S. Dept. of State,$d[2000?] 215 $a1 online resource (38 unnumbered pages) 225 1 $aTreaties and other international acts series ;$v13104 300 $aTitle from title screen (viewed on Oct. 27, 2009). 517 $aClaims 606 $aWorld War, 1939-1945$xClaims 606 $aWorld War, 1939-1945$xConscript labor$xClaims 606 $aHolocaust, Jewish (1939-1945)$xReparations 606 $aForced labor$xLaw and legislation$zGermany 615 0$aWorld War, 1939-1945$xClaims. 615 0$aWorld War, 1939-1945$xConscript labor$xClaims. 615 0$aHolocaust, Jewish (1939-1945)$xReparations. 615 0$aForced labor$xLaw and legislation 712 02$aUnited States.$bDepartment of State. 801 0$bGPO 801 1$bGPO 906 $aBOOK 912 $a9910699159403321 996 $aClaims$92317291 997 $aUNINA